El rey cuervo / (Record no. 52298)

MARC details
000 -CABECERA
campo de control de longitud fija 00690nam a2200217 a 4500
005 - FECHA Y HORA DE LA ÚLTIMA TRANSACCIÓN
campo de control 20240910063920.0
008 - ELEMENTOS DE LONGITUD FIJA--INFORMACIÓN GENERAL
campo de control de longitud fija 991125s1950 ag 000 0 spa u
035 ## - NÚMERO DE CONTROL DEL SISTEMA
Número de control de sistema UPN01000052298
049 ## - COLECCIÓN
Colección CG
050 #4 - SIGNATURA TOPOGRÁFICA DE LA BIBLIOTECA DEL CONGRESO
Número de clasificación PN335
Número de documento/Ítem G7.7
100 1# - ASIENTO PRINCIPAL--NOMBRE PERSONAL
Nombre de persona Grimm, Wilhelm,
Fechas asociadas al nombre 1786-1859
9 (RLIN) 32345
245 13 - MENCIÓN DE TÍTULO
Título El rey cuervo /
Mención de responsabilidad, etc. cuento de Guillermo Carlos y Luis Jacobo Grimm.
260 ## - PUBLICACIÓN, DISTRIBUCIÓN, ETC.
Lugar de publicación, distribución, etc. Buenos Aires :
Nombre del editor, distribuidor, etc. Tor,
Fecha de publicación, distribución, etc. [1950?].
300 ## - DESCRIPCIÓN FÍSICA
Extensión 63 p. :
Otras características físicas il
440 #0 - MENCIÓN DE SERIE/ASIENTO SECUNDARIO--TÍTULO
Título Biblioteca infantil la abeja ;
Designación de volumen o secuencia 31
500 ## - NOTA GENERAL
Nota general Disponible en la Colección Medina
650 #4 - ASIENTO SECUNDARIO DE MATERIA - TERMINO TEMATICO
Término de materia o nombre geográfico como elemento de entrada Cuentos infantiles alemanes
9 (RLIN) 8589
650 #0 - ASIENTO SECUNDARIO DE MATERIA - TERMINO TEMATICO
Término de materia o nombre geográfico como elemento de entrada Cuentos de hadas
9 (RLIN) 5259
700 1# - ASIENTO SECUNDARIO--NOMBRE DE PERSONAL
Nombre de persona Grimm, Jakob,
Fechas asociadas al nombre 1785-1863
Término indicativo de función/relación coaut.
9 (RLIN) 32344
905 ## - TIPO DE MATERIAL
Tipo de material Libro
Holdings
Estado de retiro Estado de pérdida Fuente del sistema de clasificación o colocación Estado dañado No para préstamo Código de colección Localización permanente Ubicación/localización actual Ubicación en estantería Fecha de adquisición Clasificación Código de barras Fecha visto por última vez Número de copia Tipo de ítem Koha
    Library of Congress Classification   Disponible (Préstamo en sala) Colección Medina Bib. Gregorio Torres Quintero Bib. Gregorio Torres Quintero Colecciones especiales Planta alta 30/01/2023 PN335 G7.7 102281 31/12/2020 1 Libro